000 00324 a2200157 4500
001 163950
020 _a
040 _cMagnum
100 _aLins, Guto
240 1 0 _aQual e a cor ?
_lpor
245 1 0 _aQual e a cor ?
362 0 _a1899
440 1 _aAo Livro Técnico
697 _aI/SOCIEDADE, COTIDIANO
942 _cBK
999 _c163950
_d163950